| 000 | 00812nam a22002897a 4500 | ||
|---|---|---|---|
| 001 | BR7301489 | ||
| 003 | BR-BrBNA | ||
| 005 | 20230928094846.0 | ||
| 007 | ta | ||
| 008 | 230509b bl.||||| |||| 00| 0 por d | ||
| 040 |
_aBR-BrBNA _bpor _cBiblioteca Nacional de Agricultura |
||
| 041 | _a(Por) | ||
| 072 |
_aF01; F04 _b0336 |
||
| 090 | _ 0336 BR7301489 | ||
| 110 | 1 |
_aPrograma Integrado de Pesquisas Agropecuarias do Estado de Minas Gerais, Belo Horizonte (Brasil) _97991 |
|
| 245 | 1 | _aPrograma Soja, Relatorio Anual 72/73 | |
| 260 | 3 |
_aBelo Horizonte, MG (Brasil): _c1973. |
|
| 300 | _a97 p. | ||
| 500 | _a23 tables; 6 ref. | ||
| 650 | _aSoja | ||
| 650 | _aCalagem | ||
| 650 | _aAdubacao | ||
| 650 | _aVariedade | ||
| 650 | _aMinas Gerais | ||
| 909 |
_a202309 _bLucia _c55 _dLucia Elande |
||
| 942 | _cBK | ||
| 999 |
_c53059 _d53059 |
||